Nápoje čaká množstvo zmien
Vývoj a spotreba nealkoholických nápojov. Zastúpenie jednotlivých značiek na trhu. Charakteristika zákazníka. Spätná vysledovanosť. Označovanie alergénov. Vývoj spotreby nesýtených nealko nápojov. Konzumácia vybraných nápojov na Slovensku.
Na minha lista:
| Autor principal: | |
|---|---|
| Formato: | Capítulo de Livro |
| Idioma: | eslovaco |
| Assuntos: | |
| Tags: |
Sem tags, seja o primeiro a adicionar uma tag!
|
MARC
| LEADER | 00000naa$a2200000$$$4500 | ||
|---|---|---|---|
| 001 | 0024565 | ||
| 005 | 20231107125329.7 | ||
| 041 | 0 | |a slo | |
| 044 | |a SK | ||
| 245 | 1 | 0 | |a Nápoje čaká množstvo zmien |c Daniel Košťál |
| 520 | |a Vývoj a spotreba nealkoholických nápojov. Zastúpenie jednotlivých značiek na trhu. Charakteristika zákazníka. Spätná vysledovanosť. Označovanie alergénov. Vývoj spotreby nesýtených nealko nápojov. Konzumácia vybraných nápojov na Slovensku. | ||
| 610 | 2 | 0 | |a nápoje nealkoholické |
| 610 | 2 | 0 | |a trh potravinový |
| 610 | 2 | 0 | |a spotrebitelia |
| 610 | 2 | 0 | |a spotreba potravín |
| 100 | 1 | |a Košťál, Daniel | |